Essential PHP tools : modules, extensions, and accelerators /

This book is an essential guide to some of the best free add-ons to PHP. These add-ons, or tools, provide invaluable functionality for improving your PHP web applications, including accessing databases, generating robust Web forms, using page templating systems, creating and parsing XML documents, a...

Full description

Bibliographic Details
Main Author: Sklar, David
Corporate Author: SpringerLink (Online service)
Format: eBook
Language:English
Published: Berkeley, CA : Apress, [2004]
Series:Expert's voice in open source.
Subjects:
Online Access:Connect to the full text of this electronic book

MARC

Tag First Indicator Second Indicator Subfields
LEADER 00000cam a2200000Ki 4500
001 in00003552012
006 m o d
007 cr cnu---unuuu
008 140711s2004 caua o 001 0 eng d
005 20260422215145.6
020 |a 9781430207146 (electronic bk.) 
020 |a 1430207140 (electronic bk.) 
020 |z 1590592808 
020 |z 9781590592809 
024 7 |a 10.1007/978-1-4302-0714-6  |2 doi 
035 |a (OCoLC)883383542 
040 |a GW5XE  |b eng  |e rda  |e pn  |c GW5XE  |d UtOrBLW 
049 |a TXAM 
050 4 |a QA76.73.P224  |b S53 2004eb 
082 0 4 |a 005.72  |2 22 
100 1 |a Sklar, David. 
245 1 0 |a Essential PHP tools :  |b modules, extensions, and accelerators /  |c David Sklar. 
264 1 |a Berkeley, CA :  |b Apress,  |c [2004] 
264 2 |a New York :  |b Distributed to the Book trade in US by Springer-Verlag. 
264 4 |c ©2004 
300 |a 1 online resource (xx, 347 pages) :  |b illustrations. 
336 |a text  |b txt  |2 rdacontent 
337 |a computer  |b c  |2 rdamedia 
338 |a online resource  |b cr  |2 rdacarrier 
490 1 |a Expert's voice in open source 
490 0 |a Books for professionals by professionals 
500 |a Includes index. 
505 0 |a Accessing databases with DB -- Accessing databases with ADODB -- Using HTML_QuickForm for form processing -- Templating with Smarty -- Performing event-based XML parsing with XML_Parser -- Developing lightweight web services with XML_RPC -- Developing heavyweight web services with SOAP -- Performing easier XML parsing with SimpleXML -- Sending mail -- Working with authentication, users, and passwords -- Understanding PHP internals -- Profiling and debugging with Xdebug -- Accelerating with code caches. 
520 |a This book is an essential guide to some of the best free add-ons to PHP. These add-ons, or tools, provide invaluable functionality for improving your PHP web applications, including accessing databases, generating robust Web forms, using page templating systems, creating and parsing XML documents, authenticating users, and much more. In response to the existing shortage of documentation about the tools, author David Sklar packs this book with details about installing, configuring, and using each toolalong with plenty of examples tailored to PHP 4 and 5. Sklar also lays out the details of Auth and HTML_QuickFormtwo hard working PEAR modules, so you don't have to code your own authentication system or Web form construction set! Also included are chapters on debugging programs, and increasing Web server speed. In short, you will learn to eliminate inefficiencies in PHP, and enhance performance without any code modification. 
588 |a Description based on print version record. 
650 0 |a PHP (Computer program language) 
650 0 |a Internet programming. 
650 7 |a Internet programming.  |2 fast  |0 (OCoLC)fst00977281 
650 7 |a PHP (Computer program language)  |2 fast  |0 (OCoLC)fst01049847 
655 7 |a Electronic books.  |2 local 
710 2 |a SpringerLink (Online service) 
776 1 8 |i Print version:  |a Sklar, David.  |t Essential PHP tools  |z 1590592808  |w (DLC) 2005280424  |w (OCoLC)55040062 
830 0 |a Expert's voice in open source. 
856 4 0 |u http://proxy.library.tamu.edu/login?url=https://link.springer.com/10.1007/978-1-4302-0714-6  |z Connect to the full text of this electronic book  |t 0 
994 |a 92  |b TXA 
999 |a MARS 
999 f f |s a05f4abf-fa7e-3f00-b290-307ebe7f3e06  |i c4943c63-ec85-3455-9d53-c9e8079d4f15  |t 0 
952 f f |a Texas A&M University  |b College Station  |c Electronic Resources  |s www_evans  |d Available Online  |t 0  |e QA76.73.P224 S53 2004eb  |h Library of Congress classification 
998 f f |a QA76.73.P224 S53 2004eb  |t 0  |l Available Online